[Event "Oberliga Bayern 1011"]
[Site "Germany"]
[Date "2011.02.27"]
[Round "7.5"]
[White "Paerr, Manfred"]
[Black "Reis, Thomas"]
[Result "0-1"]
[WhiteElo "2076"]
[BlackElo "2145"]
[PlyCount "40"]
[EventDate "2010.10.10"]
[EventType "team-tourn"]
[EventRounds "9"]
[EventCountry "GER"]
[SourceTitle "EXT 2012"]
[Source "ChessBase"]
[SourceDate "2011.11.24"]
[SourceVersion "1"]
[SourceVersionDate "2011.11.24"]
[SourceQuality "1"]
[WhiteTeam "Regensburg Fortuna"]
[BlackTeam "Wuerzburg"]
[WhiteTeamCountry "GER"]
[BlackTeamCountry "GER"]

1. e4 b6 2. c4 e6 3. Nc3 Bb7 4. Nf3 Bb4 5. d3 f5 6. Bg5 Ne7 7. exf5 0-0 8. Be2 Rxf5 9. Bd2 Ng6 10. Nd4 Rxf2 11. Nf3 Rxg2 12. Kf1 Rxe2 13. Kxe2 Bxf3+ 14. Kxf3 Nc6 15. Kg2 Nh4+ 16. Kh3 Ne5 17. Qh5 Nhf3 18. Be3 g6 19. Qh6 Nxd3 20. Ne4 Bf8 0-1

[Event "Oberliga Bayern 1011"]
[Site "Germany"]
[Date "2010.11.14"]
[Round "3.5"]
[White "Lederle, Vitus"]
[Black "Reis, Thomas"]
[Result "0-1"]
[WhiteElo "2168"]
[BlackElo "2145"]
[PlyCount "90"]
[EventDate "2010.10.10"]
[EventType "team-tourn"]
[EventRounds "9"]
[EventCountry "GER"]
[SourceTitle "EXT 2012"]
[Source "ChessBase"]
[SourceDate "2011.11.24"]
[SourceVersion "1"]
[SourceVersionDate "2011.11.24"]
[SourceQuality "1"]
[WhiteTeam "Dillingen"]
[BlackTeam "Wuerzburg"]
[WhiteTeamCountry "GER"]
[BlackTeamCountry "GER"]

1. e4 b6 2. d4 Bb7 3. Nc3 e6 4. Bd3 g6 5. Nf3 Bg7 6. Be3 d6 7. Qd2 Nd7 8. 0-0 h6 9. a4 a6 10. Ne1 Ne7 11. f4 f5 12. Bc4 d5 13. exd5 exd5 14. Be2 0-0 15. Nf3 Kh7 16. Nd1 Ng8 17. Ne5 Ngf6 18. Nf2 Qe7 19. c3 Rfd8 20. Qc2 Ne4 21. Nxe4 dxe4 22. Rad1 Nxe5 23. dxe5 Bd5 24. c4 Be6 25. c5 Rdb8 26. cxb6 cxb6 27. Rd6 Rc8 28. Qd2 b5 29. a5 Bb3 30. Rc1 Rxc1+ 31. Qxc1 Qe8 32. Qc3 Bg8 33. Qd2 Be6 34. Bb6 Bf8 35. b4 Bxd6 36. exd6 Qc6 37. Bc5 Qd5 38. Qc3 Rc8 39. h3 Qxd6 40. Kh1 Qxf4 41. Qf6 Re8 42. h4 Qc7 43. h5 Qf7 44. hxg6+ Qxg6 45. Qd4 Rg8 0-1

[Event "Oberliga Bayern 0910"]
[Site "Bayern"]
[Date "2010.02.28"]
[Round "7.5"]
[White "Reis, Thomas"]
[Black "Kaunzinger, Albert"]
[Result "1/2-1/2"]
[WhiteElo "2135"]
[BlackElo "2186"]
[PlyCount "31"]
[EventDate "2009.10.18"]
[EventType "team-tourn"]
[EventRounds "9"]
[EventCountry "GER"]
[SourceTitle "EXT 2011"]
[Source "ChessBase"]
[SourceDate "2010.11.26"]
[SourceVersion "1"]
[SourceVersionDate "2010.11.26"]
[SourceQuality "1"]
[WhiteTeam "Wuerzburg"]
[BlackTeam "Groebenzell"]
[WhiteTeamCountry "GER"]
[BlackTeamCountry "GER"]

1. f4 d5 2. Nf3 Bf5 3. g3 e6 4. Bg2 h5 5. h3 Nf6 6. d3 Bc5 7. e3 Nc6 8. Qe2 Qe7 9. Nc3 0-0-0 10. Bd2 d4 11. exd4 Nxd4 12. Nxd4 Bxd4 13. Be3 Qc5 14. Bxd4 Qxd4 15. Qf2 c6 16. 0-0 1/2-1/2

[Event "Oberliga Bayern 0910"]
[Site "Bayern"]
[Date "2009.11.29"]
[Round "3.5"]
[White "Reis, Thomas"]
[Black "Studnicka, Tomas"]
[Result "0-1"]
[WhiteElo "2135"]
[BlackElo "2264"]
[PlyCount "48"]
[EventDate "2009.10.18"]
[EventType "team-tourn"]
[EventRounds "9"]
[EventCountry "GER"]
[SourceTitle "EXT 2011"]
[Source "ChessBase"]
[SourceDate "2010.11.26"]
[SourceVersion "1"]
[SourceVersionDate "2010.11.26"]
[SourceQuality "1"]
[WhiteTeam "Wuerzburg"]
[BlackTeam "Bad Koenigshofen"]
[WhiteTeamCountry "GER"]
[BlackTeamCountry "GER"]

1. e4 c5 2. Nc3 Nc6 3. Bb5 g6 4. Bxc6 dxc6 5. d3 Nf6 6. f4 Bg7 7. Nf3 0-0 8. 0-0 b6 9. Qe1 Nd7 10. e5 Re8 11. e6 Nf8 12. exf7+ Kxf7 13. Ne5+ Kg8 14. Kh1 Qc7 15. Qg3 Bf5 16. Be3 Nd7 17. Nf3 Nf6 18. Rae1 Nh5 19. Qh4 Bf6 20. Ng5 h6 21. g4 hxg5 22. fxg5 Bxc3 23. gxf5 Bxe1 24. Rxe1 Qd6 0-1

[Event "Munich OIS op 29th"]
[Site "Munich"]
[Date "2009.10.10"]
[Round "8"]
[White "Reis, Thomas"]
[Black "Koepke, Christian"]
[Result "1/2-1/2"]
[WhiteElo "2209"]
[BlackElo "2365"]
[PlyCount "31"]
[EventDate "2009.10.03"]
[EventType "swiss"]
[EventRounds "9"]
[EventCountry "GER"]
[SourceTitle "EXT 2010"]
[Source "ChessBase"]
[SourceDate "2010.11.25"]
[SourceVersion "1"]
[SourceVersionDate "2010.11.25"]
[SourceQuality "1"]

1. e4 c5 2. Nc3 g6 3. f4 Bg7 4. Nf3 Nc6 5. Bb5 Nd4 6. 0-0 Nxb5 7. Nxb5 d5 8. e5 a6 9. Nc3 d4 10. Ne4 Qd5 11. Qe2 Nh6 12. Nf6+ exf6 13. exf6+ Kf8 14. Qe7+ Kg8 15. fxg7 Kxg7 16. b4 1/2-1/2

[Event "Oberliga Bayern 0809"]
[Site "Bayern"]
[Date "2009.03.15"]
[Round "8.7"]
[White "Wimmer, Herbert"]
[Black "Reis, Thomas"]
[Result "1-0"]
[WhiteElo "2069"]
[BlackElo "2110"]
[PlyCount "53"]
[EventDate "2008.10.05"]
[EventType "team-tourn"]
[EventRounds "9"]
[EventCountry "GER"]
[SourceTitle "EXT 2020"]
[Source "ChessBase"]
[SourceDate "2019.10.17"]
[SourceVersion "1"]
[SourceVersionDate "2019.10.17"]
[SourceQuality "1"]
[WhiteTeam "Pang/Rosenheim"]
[BlackTeam "Wuerzburg"]
[WhiteTeamCountry "GER"]
[BlackTeamCountry "GER"]

1. d4 e6 2. e4 d5 3. Nc3 dxe4 4. Nxe4 Bd7 5. Bd3 Bc6 6. Nf3 Nd7 7. c3 Ngf6 8. Bg5 Be7 9. Bxf6 Nxf6 10. Nxf6+ Bxf6 11. Qe2 Qd5 12. 0-0-0 0-0 13. Kb1 Qh5 14. Be4 Bxe4+ 15. Qxe4 Qg6 16. Qxg6 hxg6 17. h4 Rfd8 18. g4 c6 19. h5 gxh5 20. g5 Be7 21. Rxh5 Bd6 22. Rdh1 Kf8 23. Rh7 c5 24. g6 f6 25. Re1 Re8 26. d5 e5 27. Nh4 1-0